[Event "European Chess Club Cup 2023"]
[Site "Durres, Albania"]
[Date "2023.10.02"]
[Round "2.46"]
[White "Llupa, Oltjon"]
[Black "Favier, Alain"]
[Result "1-0"]
[TimeControl "90' + 30' & 30\""]
[WhiteElo "2063"]
[BlackElo "2023"]

1. d4 {[%clk 01:30:45]} {[%emt 00:00:14]} Nf6 {[%clk 01:30:35]} {[%emt
00:00:25]} 2. c4 {[%clk 01:31:04]} {[%emt 00:00:11]} e6 {[%clk 01:31:01]}
{[%emt 00:00:04]} 3. Nc3 {[%clk 01:31:30]} {[%emt 00:00:04]} d5 {[%clk
01:31:26]} {[%emt 00:00:05]} 4. cxd5 {[%clk 01:31:21]} {[%emt 00:00:40]} exd5
{[%clk 01:31:50]} {[%emt 00:00:05]} 5. Bg5 {[%clk 01:31:44]} {[%emt 00:00:07]}
c6 {[%clk 01:31:51]} {[%emt 00:00:30]} 6. e3 {[%clk 01:31:59]} {[%emt
00:00:14]} Be7 {[%clk 01:31:21]} {[%emt 00:01:00]} 7. Bd3 {[%clk 01:32:18]}
{[%emt 00:00:11]} O-O {[%clk 01:31:07]} {[%emt 00:00:44]} 8. Qc2 {[%clk
01:32:42]} {[%emt 00:00:06]} Nbd7 {[%clk 01:31:25]} {[%emt 00:00:11]} 9. Nf3
{[%clk 01:33:03]} {[%emt 00:00:10]} Re8 {[%clk 01:31:38]} {[%emt 00:00:17]} 10.
O-O {[%clk 01:33:15]} {[%emt 00:00:18]} h6 {[%clk 01:30:12]} {[%emt 00:01:56]}
11. Bh4 {[%clk 01:33:36]} {[%emt 00:00:08]} Ne4 {[%clk 01:29:59]} {[%emt
00:00:43]} 12. Bxe7 {[%clk 01:33:33]} {[%emt 00:00:33]} Qxe7 {[%clk 01:30:18]}
{[%emt 00:00:12]} 13. Rab1 {[%clk 01:33:28]} {[%emt 00:00:34]} a6 {[%clk
01:26:39]} {[%emt 00:04:10]} 14. Ne2 {[%clk 01:23:11]} {[%emt 00:10:47]} Rb8
{[%clk 01:20:54]} {[%emt 00:06:14]} 15. b4 {[%clk 01:19:32]} {[%emt 00:04:10]}
Nd6 {[%clk 01:14:57]} {[%emt 00:06:26]} 16. a4 {[%clk 01:19:07]} {[%emt
00:00:55]} Nf6 {[%clk 01:13:57]} {[%emt 00:01:31]} 17. b5 {[%clk 01:17:48]}
{[%emt 00:01:49]} axb5 {[%clk 01:13:10]} {[%emt 00:01:18]} 18. axb5 {[%clk
01:18:11]} {[%emt 00:00:06]} cxb5 {[%clk 01:12:24]} {[%emt 00:01:16]} 19. Bxb5
{[%clk 01:17:49]} {[%emt 00:00:51]} Nxb5 {[%clk 01:09:53]} {[%emt 00:03:01]} 20.
Rxb5 {[%clk 01:18:02]} {[%emt 00:00:17]} Bd7 {[%clk 01:08:57]} {[%emt
00:01:27]} 21. Rb6 {[%clk 01:18:06]} {[%emt 00:00:25]} Rec8 {[%clk 01:04:50]}
{[%emt 00:04:38]} 22. Qb2 {[%clk 01:17:43]} {[%emt 00:00:52]} Rc7 {[%clk
01:03:08]} {[%emt 00:02:12]} 23. Nf4 {[%clk 01:16:07]} {[%emt 00:02:06]} Be6
{[%clk 00:58:32]} {[%emt 00:05:07]} 24. Ne5 {[%clk 01:12:27]} {[%emt 00:04:09]}
Rbc8 {[%clk 00:57:35]} {[%emt 00:01:27]} 25. Nxe6 {[%clk 01:04:36]} {[%emt
00:08:21]} fxe6 {[%clk 00:57:39]} {[%emt 00:00:27]} 26. Ng6 {[%clk 01:04:16]}
{[%emt 00:00:50]} Qf7 {[%clk 00:51:00]} {[%emt 00:07:09]} 27. Ne5 {[%clk
01:01:29]} {[%emt 00:03:16]} Qe7 {[%clk 00:50:22]} {[%emt 00:01:08]} 28. h3
{[%clk 01:00:06]} {[%emt 00:01:55]} Ne4 {[%clk 00:48:43]} {[%emt 00:02:08]} 29.
Qe2 {[%clk 00:55:32]} {[%emt 00:05:03]} Rc1 {[%clk 00:46:11]} {[%emt 00:03:02]}
30. Rxc1 {[%clk 00:34:05]} {[%emt 00:21:57]} Rxc1+ {[%clk 00:46:29]} {[%emt
00:00:12]} 31. Kh2 {[%clk 00:34:34]} {[%emt 00:00:02]} Qf6 {[%clk 00:39:27]}
{[%emt 00:07:31]} 32. Nd3 {[%clk 00:26:55]} {[%emt 00:08:09]} Rc7 {[%clk
00:33:10]} {[%emt 00:06:47]} 33. Nf4 {[%clk 00:25:02]} {[%emt 00:02:23]} Nc3
{[%clk 00:31:14]} {[%emt 00:02:26]} 34. Qg4 {[%clk 00:24:00]} {[%emt 00:01:31]}
Re7 {[%clk 00:31:23]} {[%emt 00:00:21]} 35. Kg1 {[%clk 00:21:46]} {[%emt
00:02:45]} Qf7 {[%clk 00:25:42]} {[%emt 00:06:12]} 36. Rxe6 {[%clk 00:11:57]}
{[%emt 00:10:18]} Rxe6 {[%clk 00:25:13]} {[%emt 00:00:59]} 37. Qxe6 {[%clk
00:11:51]} {[%emt 00:00:36]} Qxe6 {[%clk 00:25:35]} {[%emt 00:00:08]} 38. Nxe6
{[%clk 00:12:20]} {[%emt 00:00:02]} b5 {[%clk 00:24:22]} {[%emt 00:01:41]} 39.
Nc5 {[%clk 00:12:08]} {[%emt 00:00:42]} Kf7 {[%clk 00:18:56]} {[%emt 00:05:57]}
40. Kf1 {[%clk 00:10:30]} {[%emt 00:02:07]} Na4 {[%clk 00:13:18]} {[%emt
00:06:09]} 41. Nd3 {[%clk 00:08:51]} {[%emt 00:02:09]} Nb6 {[%clk 00:08:28]}
{[%emt 00:05:20]} 42. Ke2 {[%clk 00:08:15]} {[%emt 00:01:06]} Nc4 {[%clk
00:05:52]} {[%emt 00:03:06]} 43. f3 {[%clk 00:06:12]} {[%emt 00:02:33]} Ke7
{[%clk 00:06:02]} {[%emt 00:00:20]} 44. Nb4 {[%clk 00:05:37]} {[%emt 00:01:04]}
Ke6 {[%clk 00:04:00]} {[%emt 00:02:32]} 45. e4 {[%clk 00:04:59]} {[%emt
00:01:09]} dxe4 {[%clk 00:03:10]} {[%emt 00:01:20]} 46. fxe4 {[%clk 00:05:27]}
{[%emt 00:00:02]} h5 {[%clk 00:02:36]} {[%emt 00:01:03]} 47. h4 {[%clk
00:03:43]} {[%emt 00:02:15]} g6 {[%clk 00:29:28]} {[%emt 00:03:38]} 48. Kd3
{[%clk 00:33:23]} {[%emt 00:00:49]} Nb2+ {[%clk 00:28:23]} {[%emt 00:01:36]} 49.
Ke3 {[%clk 00:32:26]} {[%emt 00:01:26]} Nc4+ {[%clk 00:27:12]} {[%emt
00:01:42]} 50. Kf4 {[%clk 00:32:34]} {[%emt 00:00:21]} Nd6 {[%clk 00:26:29]}
{[%emt 00:01:12]} 51. d5+ {[%clk 00:30:58]} {[%emt 00:02:08]} Kf7 {[%clk
00:26:05]} {[%emt 00:00:53]} 52. g3 {[%clk 00:29:59]} {[%emt 00:01:30]} Nc4
{[%clk 00:25:30]} {[%emt 00:01:05]} 53. e5 {[%clk 00:30:15]} {[%emt 00:00:13]}
Ke7 {[%clk 00:25:15]} {[%emt 00:00:46]} 54. Nc6+ {[%clk 00:30:15]} {[%emt
00:00:29]} Kd7 {[%clk 00:23:13]} {[%emt 00:02:32]} 55. Nb4 {[%clk 00:29:17]}
{[%emt 00:01:28]} Ke7 {[%clk 00:23:24]} {[%emt 00:00:20]} 56. Nd3 {[%clk
00:29:33]} {[%emt 00:00:13]} Nb6 {[%clk 00:21:52]} {[%emt 00:02:03]} 57. Ke4
{[%clk 00:29:15]} {[%emt 00:00:47]} Nc4 {[%clk 00:20:31]} {[%emt 00:01:52]} 58.
Kd4 {[%clk 00:28:28]} {[%emt 00:01:17]} Nd2 {[%clk 00:20:28]} {[%emt 00:00:33]}
59. d6+ {[%clk 00:24:50]} {[%emt 00:04:08]} 1-0

[Event "European Chess Club Cup 2023"]
[Site "Durres, Albania"]
[Date "2023.10.02"]
[Round "2.47"]
[White "Dahdah, Nagib"]
[Black "Dafa, Sirio"]
[Result "1-0"]
[TimeControl "90' + 30' & 30\""]
[WhiteElo "2073"]
[BlackElo "1744"]

1. e4 {[%clk 01:30:56]} {[%emt 00:00:02]} e5 {[%clk 01:30:51]} {[%emt
00:00:10]} 2. Nf3 {[%clk 01:31:21]} {[%emt 00:00:05]} Nc6 {[%clk 01:31:14]}
{[%emt 00:00:07]} 3. Bb5 {[%clk 01:31:44]} {[%emt 00:00:06]} a6 {[%clk
01:31:29]} {[%emt 00:00:16]} 4. Ba4 {[%clk 01:32:09]} {[%emt 00:00:05]} Nge7
{[%clk 01:31:32]} {[%emt 00:00:27]} 5. O-O {[%clk 01:31:59]} {[%emt 00:00:40]}
g6 {[%clk 01:30:40]} {[%emt 00:01:21]} 6. d4 {[%clk 01:29:38]} {[%emt
00:02:51]} exd4 {[%clk 01:28:09]} {[%emt 00:03:02]} 7. Nxd4 {[%clk 01:26:05]}
{[%emt 00:04:02]} Bg7 {[%clk 01:28:05]} {[%emt 00:00:35]} 8. Be3 {[%clk
01:26:24]} {[%emt 00:00:11]} b5 {[%clk 01:21:53]} {[%emt 00:06:42]} 9. Bb3
{[%clk 01:26:05]} {[%emt 00:00:48]} Na5 {[%clk 01:20:56]} {[%emt 00:01:27]} 10.
c3 {[%clk 01:23:59]} {[%emt 00:02:37]} O-O {[%clk 01:14:14]} {[%emt 00:07:11]}
11. f4 {[%clk 01:20:32]} {[%emt 00:03:58]} Nxb3 {[%clk 01:05:23]} {[%emt
00:09:21]} 12. Qxb3 {[%clk 01:19:02]} {[%emt 00:02:00]} d6 {[%clk 00:59:18]}
{[%emt 00:06:35]} 13. Nd2 {[%clk 01:15:22]} {[%emt 00:04:10]} Kh8 {[%clk
00:54:13]} {[%emt 00:05:36]} 14. f5 {[%clk 01:11:47]} {[%emt 00:04:04]} Ng8
{[%clk 00:46:41]} {[%emt 00:08:02]} 15. fxg6 {[%clk 01:04:51]} {[%emt
00:07:26]} fxg6 {[%clk 00:46:57]} {[%emt 00:00:14]} 16. Rxf8 {[%clk 01:03:23]}
{[%emt 00:01:57]} Qxf8 {[%clk 00:44:43]} {[%emt 00:02:45]} 17. Rf1 {[%clk
01:03:33]} {[%emt 00:00:19]} Qe8 {[%clk 00:44:57]} {[%emt 00:00:17]} 18. Rf7
{[%clk 00:41:36]} {[%emt 00:22:27]} c5 {[%clk 00:32:50]} {[%emt 00:12:37]} 19.
Rxg7 {[%clk 00:41:37]} {[%emt 00:00:28]} Kxg7 {[%clk 00:28:43]} {[%emt
00:04:38]} 20. Qd5 {[%clk 00:41:57]} {[%emt 00:00:09]} Bd7 {[%clk 00:21:35]}
{[%emt 00:07:38]} 21. Qxd6 {[%clk 00:33:32]} {[%emt 00:08:56]} Qe7 {[%clk
00:18:18]} {[%emt 00:03:47]} 22. Qd5 {[%clk 00:31:55]} {[%emt 00:02:07]} Rf8
{[%clk 00:15:42]} {[%emt 00:03:06]} 23. N4f3 {[%clk 00:30:19]} {[%emt
00:02:07]} Nf6 {[%clk 00:10:43]} {[%emt 00:05:29]} 24. Qg5 {[%clk 00:29:48]}
{[%emt 00:00:59]} Rc8 {[%clk 00:07:49]} {[%emt 00:03:24]} 25. Qh4 {[%clk
00:22:56]} {[%emt 00:07:23]} h5 {[%clk 00:04:10]} {[%emt 00:04:09]} 26. Bg5
{[%clk 00:20:25]} {[%emt 00:03:01]} Qe6 {[%clk 00:04:12]} {[%emt 00:00:27]} 27.
Qf4 {[%clk 00:16:00]} {[%emt 00:04:56]} Rc6 {[%clk 00:03:41]} {[%emt 00:01:01]}
28. Bh6+ {[%clk 00:14:34]} {[%emt 00:01:57]} Kh8 {[%clk 00:02:47]} {[%emt
00:01:23]} 29. Ne5 {[%clk 00:12:09]} {[%emt 00:02:55]} Rd6 {[%clk 00:01:59]}
{[%emt 00:01:20]} 30. Nxg6+ {[%clk 00:09:31]} {[%emt 00:03:07]} Kg8 {[%clk
00:02:24]} {[%emt 00:00:05]} 31. Ne5 {[%clk 00:06:03]} {[%emt 00:03:57]} Kh7
{[%clk 00:01:05]} {[%emt 00:01:49]} 32. Bf8 {[%clk 00:04:51]} {[%emt 00:01:42]}
Ng4 {[%clk 00:00:42]} {[%emt 00:00:54]} 33. Nxg4 {[%clk 00:03:10]} {[%emt
00:02:11]} Rxd2 {[%clk 00:00:41]} {[%emt 00:00:30]} 34. Nf6+ {[%clk 00:03:31]}
{[%emt 00:00:09]} Kg6 {[%clk 00:00:59]} {[%emt 00:00:13]} 35. Qh6+ {[%clk
00:03:51]} {[%emt 00:00:09]} Kf7 {[%clk 00:01:24]} {[%emt 00:00:06]} 36. Qg7#
{[%clk 00:04:10]} {[%emt 00:00:08]} 1-0

[Event "European Chess Club Cup 2023"]
[Site "Durres, Albania"]
[Date "2023.10.02"]
[Round "2.48"]
[White "Agalliu, Ermir"]
[Black "Jacques, Robert"]
[Result "0-1"]
[TimeControl "90' + 30' & 30\""]
[WhiteElo "1718"]
[BlackElo "2041"]

1. d4 {[%clk 01:30:56]} {[%emt 00:00:03]} Nf6 {[%clk 01:30:46]} {[%emt
00:00:13]} 2. c4 {[%clk 01:31:07]} {[%emt 00:00:20]} e6 {[%clk 01:30:56]}
{[%emt 00:00:19]} 3. Nc3 {[%clk 01:31:24]} {[%emt 00:00:14]} Bb4 {[%clk
01:30:50]} {[%emt 00:00:36]} 4. Qc2 {[%clk 01:31:39]} {[%emt 00:00:16]} O-O
{[%clk 01:30:00]} {[%emt 00:01:20]} 5. e4 {[%clk 01:31:49]} {[%emt 00:00:20]}
d5 {[%clk 01:28:41]} {[%emt 00:01:48]} 6. cxd5 {[%clk 01:30:58]} {[%emt
00:01:22]} exd5 {[%clk 01:28:50]} {[%emt 00:00:20]} 7. e5 {[%clk 01:30:42]}
{[%emt 00:00:46]} Ne4 {[%clk 01:28:52]} {[%emt 00:00:29]} 8. Nf3 {[%clk
01:30:24]} {[%emt 00:00:48]} c5 {[%clk 01:29:00]} {[%emt 00:00:21]} 9. a3
{[%clk 01:30:05]} {[%emt 00:00:50]} Bxc3+ {[%clk 01:22:53]} {[%emt 00:06:35]}
10. bxc3 {[%clk 01:30:26]} {[%emt 00:00:09]} c4 {[%clk 01:23:19]} {[%emt
00:00:05]} 11. Bxc4 {[%clk 01:29:37]} {[%emt 00:01:19]} Qa5 {[%clk 01:06:50]}
{[%emt 00:16:59]} 12. Bd2 {[%clk 01:27:24]} {[%emt 00:02:44]} Nxd2 {[%clk
01:07:03]} {[%emt 00:00:16]} 13. Nxd2 {[%clk 01:26:18]} {[%emt 00:01:37]} dxc4
{[%clk 01:07:20]} {[%emt 00:00:12]} 14. Nxc4 {[%clk 01:26:37]} {[%emt
00:00:11]} Qa6 {[%clk 01:07:30]} {[%emt 00:00:19]} 15. Nd6 {[%clk 01:26:10]}
{[%emt 00:00:59]} Be6 {[%clk 01:03:09]} {[%emt 00:04:50]} 16. c4 {[%clk
01:21:13]} {[%emt 00:05:27]} Nc6 {[%clk 00:58:32]} {[%emt 00:05:08]} 17. Rd1
{[%clk 01:17:35]} {[%emt 00:04:08]} Bd7 {[%clk 00:50:47]} {[%emt 00:08:15]} 18.
O-O {[%clk 01:17:06]} {[%emt 00:00:59]} Nxe5 {[%clk 00:50:35]} {[%emt
00:00:41]} 19. dxe5 {[%clk 01:12:22]} {[%emt 00:05:15]} Ba4 {[%clk 00:49:52]}
{[%emt 00:01:12]} 20. Qc3 {[%clk 01:10:20]} {[%emt 00:02:33]} Bxd1 {[%clk
00:49:55]} {[%emt 00:00:27]} 21. Rxd1 {[%clk 01:10:47]} {[%emt 00:00:03]} Qc6
{[%clk 00:48:17]} {[%emt 00:02:07]} 22. Qg3 {[%clk 01:06:34]} {[%emt 00:04:44]}
Rad8 {[%clk 00:44:35]} {[%emt 00:04:10]} 23. Re1 {[%clk 01:06:32]} {[%emt
00:00:34]} Qd7 {[%clk 00:41:02]} {[%emt 00:04:02]} 24. c5 {[%clk 01:04:16]}
{[%emt 00:02:46]} Qe6 {[%clk 00:35:17]} {[%emt 00:06:16]} 25. f4 {[%clk
01:03:00]} {[%emt 00:01:46]} Qd5 {[%clk 00:34:50]} {[%emt 00:00:56]} 26. Nf5
{[%clk 01:02:50]} {[%emt 00:00:41]} Qxc5+ {[%clk 00:34:55]} {[%emt 00:00:25]}
27. Kh1 {[%clk 01:03:07]} {[%emt 00:00:13]} g6 {[%clk 00:34:25]} {[%emt
00:00:59]} 28. Nh6+ {[%clk 00:59:43]} {[%emt 00:03:55]} Kh8 {[%clk 00:32:39]}
{[%emt 00:02:16]} 29. Qh4 {[%clk 00:58:41]} {[%emt 00:01:32]} Qb6 {[%emt
00:00:29]} 30. Ng4 {[%emt 00:02:41]} h5 {[%emt 00:05:29]} 31. Nf6 {[%clk
00:45:30]} {[%emt 00:05:15]} Kg7 {[%clk 00:33:18]} {[%emt 00:00:08]} 32. Qg5
{[%clk 00:44:36]} {[%emt 00:01:25]} Rh8 {[%clk 00:33:10]} {[%emt 00:00:37]} 33.
Ne4 {[%clk 00:40:14]} {[%emt 00:04:52]} Qe6 {[%clk 00:31:20]} {[%emt 00:02:19]}
34. Qg3 {[%clk 00:37:10]} {[%emt 00:03:35]} h4 {[%clk 00:28:46]} {[%emt
00:03:04]} 35. Qc3 {[%clk 00:35:25]} {[%emt 00:02:16]} Qc6 {[%clk 00:27:16]}
{[%emt 00:01:58]} 36. Qf3 {[%clk 00:34:09]} {[%emt 00:01:47]} Rd4 {[%clk
00:23:16]} {[%emt 00:04:30]} 37. h3 {[%clk 00:31:45]} {[%emt 00:02:54]} Qd5
{[%clk 00:19:57]} {[%emt 00:03:47]} 38. Qe3 {[%clk 00:26:33]} {[%emt 00:05:43]}
Rd3 {[%clk 00:16:45]} {[%emt 00:03:42]} 39. Qc1 {[%clk 00:24:20]} {[%emt
00:02:44]} Rd8 {[%clk 00:13:24]} {[%emt 00:03:50]} 40. Nd6 {[%clk 00:24:17]}
{[%emt 00:00:34]} Rxh3+ {[%clk 00:13:31]} {[%emt 00:00:24]} 41. Kg1 {[%clk
00:24:30]} {[%emt 00:00:17]} Rg3 {[%clk 00:12:56]} {[%emt 00:01:04]} 42. Qb2
{[%clk 00:23:33]} {[%emt 00:01:27]} h3 {[%clk 00:09:44]} {[%emt 00:03:42]} 0-1

[Event "European Chess Club Cup 2023"]
[Site "Durres, Albania"]
[Date "2023.10.02"]
[Round "2.49"]
[White "Sarana, Alexey"]
[Black "Nemeth, Miklos"]
[Result "1/2-1/2"]
[TimeControl "90' + 30' & 30\""]
[WhiteElo "2682"]
[BlackElo "2425"]

1. d4 {[%clk 01:30:57]} {[%emt 00:00:01]} Nf6 {[%clk 01:30:51]} {[%emt
00:00:09]} 2. c4 {[%clk 01:31:23]} {[%emt 00:00:04]} e6 {[%clk 01:31:16]}
{[%emt 00:00:06]} 3. Nc3 {[%clk 01:31:49]} {[%emt 00:00:04]} Bb4 {[%clk
01:31:40]} {[%emt 00:00:07]} 4. Qc2 {[%clk 01:32:08]} {[%emt 00:00:09]} O-O
{[%clk 01:32:02]} {[%emt 00:00:08]} 5. Nf3 {[%clk 01:30:56]} {[%emt 00:01:42]}
c5 {[%clk 01:31:37]} {[%emt 00:00:56]} 6. dxc5 {[%clk 01:30:57]} {[%emt
00:00:30]} Na6 {[%clk 01:31:58]} {[%emt 00:00:08]} 7. g3 {[%clk 01:30:58]}
{[%emt 00:00:29]} Nxc5 {[%clk 01:32:11]} {[%emt 00:00:17]} 8. Bg2 {[%clk
01:31:23]} {[%emt 00:00:04]} Nce4 {[%clk 01:28:49]} {[%emt 00:03:52]} 9. Bd2
{[%clk 01:31:38]} {[%emt 00:00:16]} Nxd2 {[%clk 01:25:48]} {[%emt 00:03:31]} 10.
Nxd2 {[%clk 01:32:05]} {[%emt 00:00:03]} d5 {[%clk 01:26:02]} {[%emt 00:00:16]}
11. O-O {[%clk 01:32:07]} {[%emt 00:00:28]} d4 {[%clk 00:54:30]} {[%emt
00:32:02]} 12. Nce4 {[%clk 01:30:55]} {[%emt 00:01:42]} Nxe4 {[%clk 00:53:55]}
{[%emt 00:01:05]} 13. Bxe4 {[%clk 01:31:22]} {[%emt 00:00:03]} f5 {[%clk
00:46:56]} {[%emt 00:07:29]} 14. Bg2 {[%clk 01:31:43]} {[%emt 00:00:09]} e5
{[%clk 00:45:53]} {[%emt 00:01:34]} 15. c5 {[%clk 01:17:18]} {[%emt 00:14:54]}
Bxd2 {[%clk 00:41:08]} {[%emt 00:05:15]} 16. Qxd2 {[%clk 01:16:48]} {[%emt
00:01:00]} Qc7 {[%clk 00:40:34]} {[%emt 00:01:04]} 17. Qb4 {[%clk 01:12:13]}
{[%emt 00:05:05]} a5 {[%clk 00:35:16]} {[%emt 00:05:49]} 18. Qb5 {[%clk
00:59:21]} {[%emt 00:13:21]} Rb8 {[%clk 00:31:38]} {[%emt 00:04:08]} 19. Rac1
{[%clk 00:41:06]} {[%emt 00:18:46]} Be6 {[%clk 00:27:48]} {[%emt 00:04:19]} 20.
a3 {[%clk 00:38:38]} {[%emt 00:02:59]} Rfd8 {[%clk 00:26:52]} {[%emt 00:01:25]}
21. e4 {[%clk 00:36:42]} {[%emt 00:02:26]} f4 {[%clk 00:20:56]} {[%emt
00:06:27]} 22. gxf4 {[%clk 00:36:49]} {[%emt 00:00:22]} exf4 {[%clk 00:21:21]}
{[%emt 00:00:05]} 23. Rfd1 {[%clk 00:36:41]} {[%emt 00:00:38]} Qe5 {[%clk
00:20:07]} {[%emt 00:01:44]} 24. Qb6 {[%clk 00:30:52]} {[%emt 00:06:19]} a4
{[%clk 00:18:59]} {[%emt 00:01:39]} 25. Rd3 {[%clk 00:28:50]} {[%emt 00:02:32]}
f3 {[%clk 00:17:41]} {[%emt 00:01:48]} 26. Rxf3 {[%clk 00:29:14]} {[%emt
00:00:06]} d3 {[%clk 00:18:05]} {[%emt 00:00:06]} 27. Rd1 {[%clk 00:25:45]}
{[%emt 00:03:58]} d2 {[%clk 00:17:42]} {[%emt 00:00:53]} 28. Re3 {[%clk
00:26:12]} {[%emt 00:00:03]} Bb3 {[%clk 00:16:44]} {[%emt 00:01:28]} 29. Rxb3
{[%clk 00:26:40]} {[%emt 00:00:03]} axb3 {[%clk 00:17:08]} {[%emt 00:00:05]} 30.
Qxb3+ {[%clk 00:27:07]} {[%emt 00:00:03]} Kh8 {[%clk 00:17:33]} {[%emt
00:00:05]} 31. Qb4 {[%clk 00:27:35]} {[%emt 00:00:03]} Rbc8 {[%clk 00:12:54]}
{[%emt 00:05:09]} 32. Rxd2 {[%clk 00:26:47]} {[%emt 00:01:17]} Rxd2 {[%clk
00:13:12]} {[%emt 00:00:12]} 33. Qxd2 {[%clk 00:27:14]} {[%emt 00:00:04]} Qxc5
{[%clk 00:13:38]} {[%emt 00:00:04]} 34. Bf1 {[%clk 00:27:35]} {[%emt 00:00:08]}
Qc1 {[%clk 00:12:26]} {[%emt 00:01:43]} 35. Qd7 {[%clk 00:26:54]} {[%emt
00:01:11]} Rf8 {[%clk 00:09:41]} {[%emt 00:03:15]} 36. Qd6 {[%clk 00:26:28]}
{[%emt 00:00:55]} Qg5+ {[%clk 00:09:28]} {[%emt 00:00:44]} 37. Qg3 {[%clk
00:26:55]} {[%emt 00:00:02]} Qd2 {[%clk 00:08:59]} {[%emt 00:01:00]} 38. b4
{[%clk 00:27:11]} {[%emt 00:00:14]} Qd4 {[%clk 00:08:26]} {[%emt 00:01:02]} 39.
Bg2 {[%clk 00:26:49]} {[%emt 00:00:52]} b5 {[%clk 00:07:22]} {[%emt 00:01:35]}
40. Bf1 {[%clk 00:26:31]} {[%emt 00:00:47]} Qb6 {[%clk 00:04:03]} {[%emt
00:03:50]} 41. e5 {[%clk 00:25:17]} {[%emt 00:01:44]} g6 {[%clk 00:03:06]}
{[%emt 00:01:26]} 1/2-1/2

[Event "European Chess Club Cup 2023"]
[Site "Durres, Albania"]
[Date "2023.10.02"]
[Round "2.50"]
[White "Bokros, Albert"]
[Black "Pechac, Jergus"]
[Result "1/2-1/2"]
[TimeControl "90' + 30' & 30\""]
[WhiteElo "2447"]
[BlackElo "2596"]

1. e4 {[%clk 01:30:56]} {[%emt 00:00:03]} e5 {[%clk 01:30:23]} {[%emt
00:00:37]} 2. Nf3 {[%clk 01:31:18]} {[%emt 00:00:08]} Nc6 {[%clk 01:30:34]}
{[%emt 00:00:18]} 3. Bb5 {[%clk 01:31:23]} {[%emt 00:00:25]} Nge7 {[%clk
01:29:27]} {[%emt 00:01:37]} 4. Nc3 {[%clk 01:30:27]} {[%emt 00:01:27]} Ng6
{[%clk 01:29:26]} {[%emt 00:00:31]} 5. d4 {[%clk 01:30:16]} {[%emt 00:00:40]}
Nxd4 {[%clk 01:29:31]} {[%emt 00:00:26]} 6. Nxd4 {[%clk 01:30:39]} {[%emt
00:00:07]} exd4 {[%clk 01:29:56]} {[%emt 00:00:04]} 7. Qxd4 {[%clk 01:30:58]}
{[%emt 00:00:11]} c6 {[%clk 01:30:22]} {[%emt 00:00:04]} 8. Be2 {[%clk
01:30:04]} {[%emt 00:01:24]} Qb6 {[%clk 01:30:39]} {[%emt 00:00:13]} 9. Qd3
{[%clk 01:29:19]} {[%emt 00:01:15]} Be7 {[%clk 01:30:53]} {[%emt 00:00:16]} 10.
O-O {[%clk 01:29:17]} {[%emt 00:00:32]} O-O {[%clk 01:31:01]} {[%emt 00:00:22]}
11. a4 {[%clk 01:26:26]} {[%emt 00:03:21]} d6 {[%clk 01:31:14]} {[%emt
00:00:17]} 12. a5 {[%clk 01:25:52]} {[%emt 00:01:04]} Qc7 {[%clk 01:31:36]}
{[%emt 00:00:08]} 13. Be3 {[%clk 01:24:34]} {[%emt 00:01:48]} Kh8 {[%clk
01:29:24]} {[%emt 00:02:43]} 14. f4 {[%clk 01:17:31]} {[%emt 00:07:34]} f5
{[%clk 01:29:44]} {[%emt 00:00:09]} 15. Qd2 {[%clk 01:13:37]} {[%emt 00:04:24]}
Bd7 {[%clk 01:26:12]} {[%emt 00:04:02]} 16. g3 {[%clk 01:09:44]} {[%emt
00:04:23]} b5 {[%clk 01:23:53]} {[%emt 00:02:49]} 17. axb6 {[%clk 01:08:41]}
{[%emt 00:01:34]} axb6 {[%clk 01:24:17]} {[%emt 00:00:06]} 18. Bd3 {[%clk
01:07:06]} {[%emt 00:02:04]} fxe4 {[%clk 01:24:20]} {[%emt 00:00:27]} 19. Bxe4
{[%clk 01:01:01]} {[%emt 00:06:35]} d5 {[%clk 01:24:41]} {[%emt 00:00:09]} 20.
Bg2 {[%clk 00:59:54]} {[%emt 00:01:36]} Bc5 {[%clk 01:16:36]} {[%emt 00:08:36]}
21. Ne2 {[%clk 00:56:48]} {[%emt 00:03:35]} Ne7 {[%clk 01:15:14]} {[%emt
00:01:53]} 22. Nd4 {[%clk 00:55:38]} {[%emt 00:01:39]} Bd6 {[%clk 01:08:17]}
{[%emt 00:07:28]} 23. c3 {[%clk 00:53:37]} {[%emt 00:02:31]} Ng8 {[%clk
01:02:08]} {[%emt 00:06:38]} 24. Rxa8 {[%clk 00:47:52]} {[%emt 00:06:16]} Rxa8
{[%clk 01:02:17]} {[%emt 00:00:20]} 25. Nf3 {[%clk 00:43:44]} {[%emt 00:04:38]}
Nf6 {[%clk 01:02:05]} {[%emt 00:00:42]} 26. Bd4 {[%clk 00:42:59]} {[%emt
00:01:16]} Bf5 {[%clk 00:59:18]} {[%emt 00:03:17]} 27. Be5 {[%clk 00:40:58]}
{[%emt 00:02:31]} Bc5+ {[%clk 00:53:54]} {[%emt 00:05:54]} 28. Nd4 {[%clk
00:39:33]} {[%emt 00:01:56]} Qd7 {[%clk 00:53:51]} {[%emt 00:00:33]} 29. b4
{[%clk 00:38:45]} {[%emt 00:01:17]} Ne4 {[%clk 00:54:10]} {[%emt 00:00:10]} 30.
Bxe4 {[%clk 00:32:31]} {[%emt 00:06:45]} Bxd4+ {[%clk 00:54:32]} {[%emt
00:00:08]} 31. Qxd4 {[%clk 00:29:41]} {[%emt 00:03:20]} 1/2-1/2